01111nam a22001817a 450000500170000000800410001702000180005804000070007604100080008308200180009110000190010924500110012826000320013930000270017136500620019852006400026065000290090020250224152703.0250224b ||||| |||| 00| 0 eng d a9788196318406 cAL aeng 223a823bKAIW aRohan Kailasam aWastra aNoidabNu Voice Pressc2023 a281pbPBc19.5x12.5cm. 2Generala6693b₹239.20c₹d₹299.00e20%f18/02/2025 aWhen Shalini is assigned an investigation of a brutal attack, she uncovers a key clue in a photograph. Intrigued, she follows the trail to the murky streets of Colaba, where she encounters the alcoholic, Shinda as she delves deeper, the reporter finds herself drawn into the dark undercurrents of Bombay’s underworld. She is taken on a mind-bending journey through the stories about the Iran-Iraqwar, the Tamil Tigers of Sri Lanka, the communal riots of Bombay and the legend of Westra with Babu’s life hanging in the balance, she finds herself in a desperate race against time to unravel the secrets hidden in an alcoholic mind.  2FictionaEnglish Fiction